| 000 | 00310nam a22001337a 4500 | ||
|---|---|---|---|
| 999 |
_c23164 _d23164 |
||
| 003 | Nust | ||
| 005 | 20170515125024.0 | ||
| 008 | 170412b xxu||||| |||| 00| 0 eng d | ||
| 020 | _a0195110099 | ||
| 040 |
_aDLC _bDLC _cRCMS |
||
| 082 |
_a621.382 LAT _23rd, ed. |
||
| 100 |
_a LATHI, B. P. _9734 |
||
| 245 | _aMODERN DIGITAL AND ANALOG COMMUNICATION SYSTEMS | ||
| 250 | _a3rd, ed. | ||
| 260 |
_aINDIA _bOXFORD UNIVERSITY PRESS _c1998 |
||
| 300 | _a781 | ||
| 538 | _iShelf # 15, Row # 3, Communication. Shelf # 15, Row # 4, Communication. | ||
| 856 | _3Table of Contents Only. | ||
| 942 |
_cBK _2ddc _k621.382 LAT |
||